K čemu dnes humanitní vědy? /

Další autoři: Halík, Tomáš, 1948-, Randák, Jan, 1977-, Novák, Aleš, 1975-
Jazyk: Slovenština
Čeština
Vydáno: Praha : Univerzita Karlova v Praze, Filozofická fakulta ve vydavatelství Togga, 2008
Vydání: Vyd. 1.
Témata:
Fyzický popis: 99 s. ; 17 cm
Language note: Část. slovenský text
Knihy
Uloženo v:
LEADER 01750nam a2200517 a 4500
001 nkc20081819045
003 CZ PrNK
005 20140825163152.0
007 ta
008 080912s2008 xr f 000 e cze
015 |a cnb001819045 
020 |a 978-80-7308-234-5  |q (Univerzita Karlova, Filozofická fakulta :  |q brož.) 
035 |a (OCoLC)276817060 
040 |a OLA001  |b cze 
041 0 |a cze  |a slo 
072 7 |a 3  |x Společenské vědy  |2 Konspekt  |9 18 
080 |a 1/3+7/9  |2 MRF 
080 |a 3  |2 MRF 
080 |a 316.3/.6  |2 MRF 
080 |a (0:82-4)  |2 MRF 
080 |a (082)  |2 MRF 
245 0 0 |a K čemu dnes humanitní vědy? /  |c Halík ... [et al.] ; Randák, Novák (ed.) 
250 |a Vyd. 1. 
260 |a Praha :  |b Univerzita Karlova v Praze, Filozofická fakulta ve vydavatelství Togga,  |c 2008 
300 |a 99 s. ;  |c 17 cm 
504 |a Obsahuje bibliografické odkazy 
546 |a Část. slovenský text 
650 0 7 |a humanitní vědy  |7 ph114730  |2 czenas 
650 0 7 |a společenské vědy  |7 ph116244  |2 czenas 
650 0 7 |a člověk a společnost  |7 ph116878  |2 czenas 
650 0 9 |a humanities  |2 eczenas 
650 0 9 |a social sciences  |2 eczenas 
650 0 9 |a man and society  |2 eczenas 
655 7 |a eseje  |7 fd132213  |2 czenas 
655 7 |a sborníky  |7 fd163935  |2 czenas 
655 9 |a essays  |2 eczenas 
655 9 |a miscellanea  |2 eczenas 
700 1 |a Halík, Tomáš,  |d 1948-  |7 jk01033235  |4 aut 
700 1 |a Randák, Jan,  |d 1977-  |7 mzk2006324039  |4 edt 
700 1 |a Novák, Aleš,  |d 1975-  |7 mzk2007401216  |4 edt 
910 2 |a BOA001  |b 1-1211.580 
928 9 |a Togga 
990 |a BK 
995 |a 01 
991 |b 200810  |c NOV 
996 6 |b 2610355754  |c 1-1211.580  |l MZK  |r Sklad / do 1 hodiny  |n 12  |p p.v.  |w 000914300  |u 000010  |a 1  |e BOA001  |j MZK50  |s P